Statistics for Top 15 Countries with Covid-19 Deaths - 16 January 2021

Click here to take the quiz!

General Stats

  • This quiz has been taken 18 times
  • The average score is 17 of 24

Answer Stats

country% Correct
United States
100%
Brazil
94%
India
94%
Italy
94%
Mexico
94%
Russia
94%
United Kingdom
94%
France
88%
Spain
88%
South Africa
82%
Germany
76%
Argentina
71%
Colombia
71%
Iran
71%
Belgium
65%
Czechia
65%
Peru
65%
Slovenia
59%
Bosnia and
Herzegovina
41%
Panama
41%
Croatia
35%
Bulgaria
29%
Hungary
29%
North Macedonia
24%

Score Distribution

Percentile by Number Answered

Percent of People with Each Score

Your Score History

You have not taken this quiz